Face of a nation: democracy in Nigeria, foreign relations and national image

Saved in:
Bibliographic Details
Main Author: ZIMAKO, Zimako O.
Format: Book
Language:English
Published: Modern Approach, 2009
Tags: Add Tag
No Tags, Be the first to tag this record!

MARC

LEADER 00000nam a22000007a 4500
008 210122b ||||| |||| 00| 0 eng d
020 |a 978-978-2953-08-7 
100 |a ZIMAKO, Zimako O. 
245 |a Face of a nation:  |b  democracy in Nigeria, foreign relations and national image  |c Zimako O. Zimako  |g xxix, 295p. 
260 |b Modern Approach,  |c 2009  |h Nigeria:   |i 668462  |i  668463  |l JC423 .Zi6  |m Democracy – Nigeria.  |m Nigeria – Foreign relations.  |m Nigeria – Politics and government. 
500 |a “It includes index”. 
942 |a lcc  |c BK  |e Adeniran, F. A  |f 22/01/2021 
952 |0 0  |1 0  |2 lcc  |4 0  |6 JC0423 Z I6  |7 0  |9 1531  |a HOL  |b HOL  |c GJ  |d 2021-01-22  |l 0  |o JC423 .Zi6  |p 2021-0325  |r 2021-01-22 00:00:00  |w 2021-01-22  |y BK 
952 |0 0  |1 0  |2 lcc  |4 0  |6 JC0423 Z I6  |7 0  |9 1532  |a HOL  |b HOL  |c GJ  |d 2021-01-22  |l 0  |o JC423 .Zi6  |p 2021-0326  |r 2021-01-22 00:00:00  |w 2021-01-22  |y BK 
999 |c 807  |d 807